Abiding times
| Main Author: | Zain Al-'Abidin Mukhriz, Tunku |
|---|---|
| Published: |
Singapore:
Marshall Cavendish Editions,
2011.
|
| Subjects: |
| LEADER | 00571cam a2200169 7i4500 | ||
|---|---|---|---|
| 001 | 0000047345 | ||
| 005 | 20191010090000.0 | ||
| 020 | |a 9789673035526 (pbk.) | ||
| 090 | 0 | 0 | |a DS597.2 |b .Z35 2011 |
| 100 | 0 | |a Zain Al-'Abidin Mukhriz, |c Tunku | |
| 245 | 1 | 2 | |a Abiding times |c Tunku Zain Al-'Abidin Mukhriz. |
| 260 | |a Singapore: |b Marshall Cavendish Editions, |c 2011. | ||
| 300 | |a 319 p. | ||
| 500 | |a Gift: Zainol Ahmad Resource Center | ||
| 650 | 0 | 0 | |a Democracy -- |z Malaysia |
| 651 | 0 | |a Malaysia -- |x Politics and government | |
| 999 | |a 0000067222 |b BOK |c OPEN SHELF |e 1st Floor, Bestari Jaya | ||


